| 000 | 00737nam a2200241 a 4500 | ||
|---|---|---|---|
| 001 | BRCA_8106 | ||
| 005 | 20190320210132.0 | ||
| 008 | 080414s1965----nyua###f##---#001-0#eng-# | ||
| 041 | _aeng | ||
| 044 | _anyu | ||
| 050 | 4 |
_aHV6766 _b.M647 _c1964 |
|
| 100 | 1 |
_aMiller, Norman C. _920174 |
|
| 245 | 1 | 0 |
_aThe great salad oil swindle _cNorman C. Miller. |
| 260 |
_aNew York _bCoward McCann _c1965 |
||
| 300 |
_a256 p. _bil. _c22 cm. |
||
| 500 | _aY157 | ||
| 600 | 1 | 4 |
_aAngelis, Tino de _d1915- _920175 |
| 650 | 1 | 4 |
_aFraude _vAceites minerales _zEstados Unidos _920176 |
| 650 | 1 | 4 |
_aEstafadores _vAceites y grasas _zEstados Unidos _920177 |
| 650 | 1 | 4 |
_aReportajes _vEstafas y estafadores _zEstados Unidos _920178 |
| 902 | _aGFM | ||
| 942 |
_2lcc _cB |
||
| 999 |
_c7774 _d7774 |
||